|
|
|
|
| LEADER |
00000nam a2200000 a 4500 |
| 001 |
vtls001442144 |
| 003 |
SK-MaSNL |
| 005 |
20260331204642.0 |
| 008 |
251113sm y0 DE r 0 ger |
| 020 |
|
|
|a 3895863300
|c [2026,00]
|
| 035 |
|
|
|a SNK000397355
|
| 040 |
|
|
|a SNK
|b slo
|c SNK
|e AACR2
|
| 044 |
|
|
|a DE
|
| 072 |
|
7 |
|a 81
|x Lingvistika. Jazyky
|2 konspekt
|
| 080 |
|
|
|a 81'1
|2 1981
|
| 080 |
|
|
|a 316.77
|2 1981
|
| 080 |
|
|
|a (01)
|2 1981
|
| 100 |
1 |
|
|a Schwarz, Oxana
|4 zos
|9 528156
|
| 245 |
1 |
|
|a BIB-KOM-TYP
|b die Bibliographie zur Komitativ-Typologie
|c herausgegeben, erstellt und bearbeitet von Oxana Schwarz, Cornelia Stroh & Aina Urdze
|
| 260 |
|
|
|a Muenchen
|b Lincom Europa
|c 2001
|
| 300 |
|
|
|a 155 s.
|b 22 cm
|
| 490 |
1 |
|
|a Linguistic Research Forum
|v 6
|
| 650 |
0 |
7 |
|a lingvistika
|2 SNKPH
|9 860
|
| 650 |
0 |
7 |
|a komunikácia
|2 SNKPH
|9 1362
|
| 655 |
|
7 |
|a bibliografie
|2 SNKPH
|9 28668
|
| 700 |
1 |
|
|a Stroh, Cornelia
|4 aut
|4 zos
|9 528157
|
| 700 |
1 |
|
|a Urdze, Aina
|4 aut
|4 zos
|9 528158
|
| 830 |
|
0 |
|a Linguistic Research Forum
|9 528159
|
| 919 |
|
|
|a 3-89586-330-0
|
| 999 |
|
|
|c 814949
|d 816879
|
| 952 |
|
|
|t P60, <04>, [BOOK], {604}
|a SNK
|b SNK
|y VYP
|7 0
|p 17A0359507
|o snkIC 130333
|i snkV 1329/2002
|0 0
|1 0
|4 0
|d 2002-10-30
|l 0
|r 2005-01-02 00:00:00
|w 2026-02-24
|